[Event "British Columbia-Washington m"]
[Site "Vancouver CAN"]
[Date "2023.07.03"]
[Round "4.3"]
[White "Lu, Yiding"]
[Black "He, Matthew"]
[Result "1-0"]
[WhiteElo "2181"]
[BlackElo "2148"]
[PlyCount "113"]
[EventDate "2023.07.01"]
[EventType "swiss"]
[EventRounds "6"]
[EventCountry "CAN"]

1. e4 c6 2. d4 d5 3. Nc3 dxe4 4. Nxe4 Bf5 5. Ng3 Bg6 6. h4 h6 7. Nf3 Nd7 8. h5
Bh7 9. Bd3 Bxd3 10. Qxd3 e6 11. Bd2 Ngf6 12. O-O-O Be7 13. Ne4 O-O 14. g4 Nxe4
15. Qxe4 Nf6 16. Qe2 Qd5 17. c4 Qe4 18. Qxe4 Nxe4 19. Be1 b5 20. c5 Bf6 21. Ne5
Bxe5 22. dxe5 Rfd8 23. b4 a5 24. f3 Ng5 25. Rxd8+ Rxd8 26. bxa5 Nxf3 27. Bc3
Nd4 28. Rh2 f6 29. exf6 gxf6 30. Rd2 e5 31. Bxd4 exd4 32. Kc2 Kf7 33. Kd3 Rg8
34. Kxd4 Rxg4+ 35. Kc3 Ra4 36. Rd7+ Ke6 37. Rd6+ Ke5 38. Rxc6 Rxa5 39. Kb4 Rxa2
40. Kxb5 Rb2+ 41. Kc4 Rh2 42. Rd6 Rh4+ 43. Kb5 Rxh5 44. Rd1 Rh2 45. Rc1 Rb2+
46. Ka6 Rb8 47. c6 f5 48. c7 Rh8 49. c8=Q Rxc8 50. Rxc8 Kf4 51. Kb5 h5 52. Kc4
h4 53. Kd3 Kg3 54. Ke2 h3 55. Rg8+ Kh2 56. Kf2 f4 57. Rh8 1-0

[Event "British Columbia-Washington m"]
[Site "Vancouver CAN"]
[Date "2023.07.03"]
[Round "4.4"]
[White "Paez, David"]
[Black "Yang, Ryan"]
[Result "1-0"]
[WhiteElo "1970"]
[BlackElo "2235"]
[PlyCount "147"]
[EventDate "2023.07.01"]
[EventType "swiss"]
[EventRounds "6"]
[EventCountry "CAN"]

1. e4 Nf6 2. e5 Nd5 3. c4 Nb6 4. d4 d6 5. exd6 cxd6 6. Nc3 g6 7. Be3 Bg7 8. Rc1
O-O 9. b3 Bf5 10. Bd3 Bxd3 11. Qxd3 e6 12. h4 h5 13. Bg5 Qd7 14. Nge2 Nc6 15.
g4 hxg4 16. h5 gxh5 17. Kd2 f6 18. Rxh5 fxg5 19. Qh7+ Kf7 20. Rxg5 Rg8 21. Rxg4
e5 22. Rcg1 Kf8 23. Rxg7 Qxg7 24. Rxg7 Rxg7 25. Qh6 Kf7 26. Ne4 Nxd4 27. Nxd4
exd4 28. Nxd6+ Kg8 29. Nf5 Rf7 30. Qe6 Kf8 31. c5 Nc8 32. Qh6+ Kg8 33. Qe6 Kf8
34. Nh6 Rc7 35. Qg8+ Ke7 36. Qg7+ Kd8 37. Nf7+ Ke8 38. Qg8+ Ke7 39. Qd8+ Kxf7
40. Qxc7+ Ne7 41. Qxb7 Rg8 42. c6 Rc8 43. c7 Ke6 44. Qxa7 Kd7 45. Qxd4+ Kxc7
46. Qe5+ Kd7 47. a4 Nc6 48. Qg7+ Kd6 49. f4 Rc7 50. Qf6+ Kc5 51. Qf8+ Kd5 52.
f5 Ne5 53. a5 Ke4 54. a6 Rh7 55. f6 Rh2+ 56. Kc3 Rh3+ 57. Kb2 Nd3+ 58. Ka3 Rh5
59. Qe8+ Re5 60. Qxe5+ Nxe5 61. a7 Kf5 62. a8=Q Kxf6 63. b4 Ke6 64. b5 Kd6 65.
b6 Nc4+ 66. Kb4 Nxb6 67. Qd8+ Kc6 68. Qf6+ Kc7 69. Kb5 Nd7 70. Qe7 Kc8 71. Kc6
Nb8+ 72. Kd6 Na6 73. Qa7 Nb8 74. Qc7# 1-0

[Event "British Columbia-Washington m"]
[Site "Vancouver CAN"]
[Date "2023.07.03"]
[Round "4.5"]
[White "Zhu, Jamie Zhongyun"]
[Black "Taylor, Ashton"]
[Result "1-0"]
[WhiteElo "1858"]
[BlackElo "1975"]
[PlyCount "139"]
[EventDate "2023.07.01"]
[EventType "swiss"]
[EventRounds "6"]
[EventCountry "CAN"]

1. c4 e6 2. Nf3 d5 3. e3 Nf6 4. Nc3 Be7 5. b3 O-O 6. Bb2 c5 7. cxd5 exd5 8. d4
Bg4 9. Be2 Nc6 10. O-O Bxf3 11. Bxf3 cxd4 12. exd4 Bb4 13. Qd3 Re8 14. Rfe1 Qd7
15. a3 Bxc3 16. Bxc3 Rxe1+ 17. Rxe1 Re8 18. Rxe8+ Nxe8 19. Qe3 Qe6 20. Kf1 Nf6
21. b4 a6 22. a4 Qf5 23. g4 Qg6 24. g5 Ne4 25. Bxe4 dxe4 26. d5 Ne7 27. Qf4 h6
28. gxh6 Qxh6 29. Qxh6 gxh6 30. d6 Nc6 31. b5 Nb8 32. Bf6 Nd7 33. Bc3 f5 34.
Ke2 Kf7 35. f3 Ke6 36. fxe4 fxe4 37. Bb4 Kd5 38. bxa6 bxa6 39. Ke3 Ne5 40. h4
h5 41. a5 Nd7 42. Ba3 Ne5 43. Bb4 Nd7 44. Kf4 Kc4 45. Ba3 Kd3 46. Kg5 e3 47.
Bb4 Kc4 48. Be1 Kd5 49. Bg3 Ke4 50. Kxh5 Kf5 51. Kh6 e2 52. Kg7 Nf6 53. Kf7 Ne4
54. d7 Nxg3 55. d8=Q Ke4 56. Qd2 Kf3 57. Qe1 Nh5 58. Ke7 Nf4 59. h5 Nxh5 60.
Qh1+ Kg3 61. Qe1+ Kf3 62. Kd7 Nf4 63. Kc7 Nd3 64. Qh1+ Ke3 65. Kb6 e1=Q 66.
Qxe1+ Nxe1 67. Kxa6 Nc2 68. Kb5 Na3+ 69. Kc5 Ke4 70. a6 1-0

[Event "British Columbia-Washington m"]
[Site "Vancouver CAN"]
[Date "2023.07.03"]
[Round "4.6"]
[White "Liu, Zachary"]
[Black "Wang, Ted"]
[Result "0-1"]
[WhiteElo "2101"]
[BlackElo "2019"]
[PlyCount "86"]
[EventDate "2023.07.01"]
[EventType "swiss"]
[EventRounds "6"]
[EventCountry "CAN"]

1. e4 c5 2. Nf3 Nc6 3. d4 cxd4 4. Nxd4 Nf6 5. Nc3 e5 6. Ndb5 d6 7. Nd5 Nxd5 8.
exd5 Nb8 9. Qf3 a6 10. Qa3 Be7 11. Bg5 f6 12. Bd2 O-O 13. Bb4 axb5 14. Qxa8 Na6
15. Bd2 Qb6 16. Be3 Qa5+ 17. c3 f5 18. Qa7 Bd8 19. f3 Re8 20. Bd3 e4 21. fxe4
fxe4 22. Be2 Rf8 23. Rf1 Re8 24. Qd4 b4 25. c4 Nc5 26. Kf2 Bf6 27. Qd2 Bd7 28.
Kg1 Be5 29. Kh1 Ra8 30. Rab1 b3 31. Qxa5 Rxa5 32. axb3 Nxb3 33. Bd1 Nd4 34. Bf4
Bxf4 35. Rxf4 Bf5 36. Bg4 g6 37. Bxf5 gxf5 38. g4 b5 39. gxf5 bxc4 40. f6 Rxd5
41. f7+ Kf8 42. Rxe4 Nf3 43. Rxc4 Rd2 0-1

[Event "British Columbia-Washington m"]
[Site "Vancouver CAN"]
[Date "2023.07.03"]
[Round "5.1"]
[White "Doknjas, Neil"]
[Black "Lu, Yiding"]
[Result "1-0"]
[WhiteElo "2270"]
[BlackElo "2181"]
[PlyCount "49"]
[EventDate "2023.07.01"]
[EventType "swiss"]
[EventRounds "6"]
[EventCountry "CAN"]

1. d4 Nf6 2. c4 e6 3. Nc3 Bb4 4. e3 b6 5. Nge2 Ba6 6. Qa4 c5 7. a3 Bxc3+ 8.
Nxc3 Bb7 9. Bd3 Bxg2 10. Rg1 Bc6 11. Qc2 g6 12. d5 exd5 13. cxd5 Nxd5 14. e4
Nxc3 15. Qxc3 f6 16. Bf4 Kf7 17. Bc4+ Kg7 18. Qh3 h6 19. Rxg6+ Kxg6 20. O-O-O
d5 21. exd5 Qc8 22. Rg1+ Kf7 23. d6+ Kf8 24. Qxh6+ Rxh6 25. Rg8# 1-0

[Event "British Columbia-Washington m"]
[Site "Vancouver CAN"]
[Date "2023.07.03"]
[Round "5.2"]
[White "Liu, Austin"]
[Black "Yang, Henry"]
[Result "1/2-1/2"]
[WhiteElo "2174"]
[BlackElo "1806"]
[PlyCount "81"]
[EventDate "2023.07.01"]
[EventType "swiss"]
[EventRounds "6"]
[EventCountry "CAN"]

1. e4 e5 2. Nf3 Nc6 3. Bb5 a6 4. Ba4 Nf6 5. O-O Be7 6. Re1 b5 7. Bb3 d6 8. c3
O-O 9. h3 Nb8 10. d4 Nbd7 11. c4 Bb7 12. Nc3 c6 13. a3 Qc7 14. dxe5 dxe5 15.
Qe2 Rad8 16. Be3 Bc5 17. Bg5 h6 18. Bh4 g5 19. Bg3 Nh5 20. Bh2 Nf4 21. Bxf4
gxf4 22. cxb5 axb5 23. Nh4 Nf6 24. Nf5 Kh7 25. Rad1 Bc8 26. Qf3 Be6 27. Bc2
Rxd1 28. Rxd1 Rd8 29. Rxd8 Qxd8 30. Bd3 Bxf5 31. exf5 Qd4 32. Qe2 b4 33. axb4
Bxb4 34. Ne4 Be7 35. Nxf6+ Bxf6 36. Be4 c5 37. Kh2 Kh8 38. Qa6 Kg7 39. Qe2 Kh8
40. Qa6 Kg7 41. Qe2 1/2-1/2

[Event "British Columbia-Washington m"]
[Site "Vancouver CAN"]
[Date "2023.07.03"]
[Round "5.3"]
[White "Zhu, Jamie Zhongyun"]
[Black "Song, Ethan"]
[Result "1/2-1/2"]
[WhiteElo "1858"]
[BlackElo "2256"]
[PlyCount "38"]
[EventDate "2023.07.01"]
[EventType "swiss"]
[EventRounds "6"]
[EventCountry "CAN"]

1. c4 e5 2. g3 Nf6 3. Bg2 Nc6 4. Nc3 d6 5. e4 Be6 6. d3 Nd4 7. h3 c6 8. Be3 Qa5
9. Nf3 Nxf3+ 10. Qxf3 d5 11. exd5 cxd5 12. O-O e4 13. dxe4 dxc4 14. Nd5 Nd7 15.
Bf4 Rc8 16. Rfb1 Bb4 17. b3 O-O 18. a3 Bxa3 19. Bd6 c3 1/2-1/2

[Event "British Columbia-Washington m"]
[Site "Vancouver CAN"]
[Date "2023.07.03"]
[Round "5.4"]
[White "He, Matthew"]
[Black "Paez, David"]
[Result "1/2-1/2"]
[WhiteElo "2148"]
[BlackElo "1970"]
[PlyCount "163"]
[EventDate "2023.07.01"]
[EventType "swiss"]
[EventRounds "6"]
[EventCountry "CAN"]

1. d4 d5 2. c4 c6 3. Nf3 Nf6 4. e3 Bf5 5. Nc3 e6 6. Nh4 Bg6 7. Nxg6 hxg6 8. Bd2
Nbd7 9. Qc2 a6 10. b3 Bb4 11. Bd3 Ng4 12. h3 Qh4 13. Rf1 Bxc3 14. Qxc3 Ngf6 15.
Qb4 c5 16. dxc5 Ne4 17. Bxe4 Qxe4 18. Qxb7 Rb8 19. Qc7 Rd8 20. Rd1 O-O 21. Bc3
Qc2 22. Qa5 Nxc5 23. Qxc5 Qxc3+ 24. Ke2 dxc4 25. Qxc4 Qb2+ 26. Kf3 Rxd1 27.
Rxd1 Qxa2 28. Rd7 Qa5 29. g4 Qb6 30. Kg3 Rb8 31. Qf4 Rf8 32. Rd3 Qb8 33. b4 g5
34. Qd6 Rd8 35. Qxb8 Rxb8 36. Rd4 Rb5 37. Rc4 a5 38. Rc8+ Kh7 39. Rc5 Rxc5 40.
bxc5 a4 41. c6 a3 42. c7 a2 43. c8=Q a1=Q 44. Kg2 Qe5 45. Qc4 f5 46. Qd4 Qb5
47. Qd6 Qb7+ 48. Kh2 Qf3 49. Qg3 Qe4 50. gxf5 exf5 51. Qxg5 Qe5+ 52. Kg2 Qe4+
53. Kg3 Qe5+ 54. Qf4 Qe6 55. h4 Qg6+ 56. Qg5 Qd6+ 57. Kh3 Qe6 58. h5 Qe4 59.
Qg6+ Kh8 60. Qg2 Qe6 61. Kh4 Qe7+ 62. Qg5 Qe4+ 63. Qf4 Qe7+ 64. Kg3 Qf6 65. Qg5
Qe6 66. f3 Qe5+ 67. Kh3 Qe6 68. Kh4 Qe5 69. Qf4 Qe7+ 70. Kh3 Qe6 71. Kg3 Kh7
72. e4 fxe4 73. Qxe4+ Qxe4 74. fxe4 Kh6 75. Kg4 g6 76. e5 gxh5+ 77. Kf5 Kg7 78.
Ke6 h4 79. Kd7 h3 80. e6 h2 81. e7 h1=Q 82. e8=Q 1/2-1/2

[Event "British Columbia-Washington m"]
[Site "Vancouver CAN"]
[Date "2023.07.03"]
[Round "5.5"]
[White "Sinanan, Joshua"]
[Black "Zhang, Joyce"]
[Result "1-0"]
[WhiteElo "2263"]
[BlackElo "1823"]
[PlyCount "95"]
[EventDate "2023.07.01"]
[EventType "swiss"]
[EventRounds "6"]
[EventCountry "CAN"]

1. d4 Nf6 2. c4 g6 3. Nc3 d5 4. Nf3 Bg7 5. Bg5 c6 6. e3 Nbd7 7. Rc1 a6 8. cxd5
cxd5 9. Qb3 Qa5 10. Be2 O-O 11. O-O e6 12. a4 Re8 13. Bf4 Qd8 14. h3 b6 15. Na2
Ne4 16. Nb4 Bb7 17. Nc6 Bxc6 18. Rxc6 Rc8 19. Qc2 a5 20. Rc1 Rxc6 21. Qxc6 e5
22. Bh2 exd4 23. exd4 Ndf6 24. Bb5 Bh6 25. Rc2 Re6 26. Qc7 Qxc7 27. Bxc7 Nd6
28. Bd3 Nde4 29. Ne5 Bf8 30. f3 Nd6 31. Rc6 Nf5 32. Bxf5 gxf5 33. Bxb6 Bb4 34.
Rxe6 fxe6 35. Nc6 Nd7 36. Bxa5 Bd6 37. b4 Kf7 38. b5 Nb8 39. Nxb8 Bxb8 40. Bb6
e5 41. a5 e4 42. a6 Ke7 43. a7 Bxa7 44. Bxa7 Kd7 45. Bc5 Kc7 46. Kf2 f4 47.
fxe4 dxe4 48. d5 1-0

[Event "British Columbia-Washington m"]
[Site "Vancouver CAN"]
[Date "2023.07.03"]
[Round "5.6"]
[White "Wang, Ted"]
[Black "Kerry, James"]
[Result "1-0"]
[WhiteElo "2019"]
[BlackElo "1812"]
[PlyCount "47"]
[EventDate "2023.07.01"]
[EventType "swiss"]
[EventRounds "6"]
[EventCountry "CAN"]

1. e4 c5 2. Nf3 d6 3. c3 Nf6 4. Be2 Nc6 5. d4 cxd4 6. cxd4 g6 7. O-O Bg7 8. Nc3
O-O 9. d5 Nb8 10. Be3 Ng4 11. Bd4 Ne5 12. Nxe5 dxe5 13. Bc5 Re8 14. Rc1 e6 15.
Nb5 b6 16. Ba3 Na6 17. Nd6 exd5 18. exd5 Nc5 19. Nxe8 Qxe8 20. Bxc5 bxc5 21.
Rxc5 Bb7 22. Qb3 Bf8 23. Rc7 Rb8 24. Rxb7 1-0

[Event "British Columbia-ch"]
[Site "North Vancouver CAN"]
[Date "2023.10.06"]
[Round "1.1"]
[White "MacKinnon, Keith"]
[Black "Qu, Leo"]
[Result "0-1"]
[WhiteElo "2325"]
[BlackElo "2230"]
[PlyCount "42"]
[EventDate "2023.10.06"]
[EventType "tourn"]
[EventRounds "7"]
[EventCountry "CAN"]

1. e4 c6 2. d4 d5 3. e5 Bf5 4. Nf3 e6 5. Be2 c5 6. Be3 Qb6 7. Nc3 Nc6 8. O-O
Qxb2 9. Nb5 c4 10. Nc7+ Kd7 11. Rb1 Qxc2 12. Nxa8 Qxb1 13. Qxb1 Bxb1 14. Rxb1
Kc8 15. Bd1 Kb8 16. Nb6 axb6 17. Rxb6 Bb4 18. Rb5 h6 19. g4 Nge7 20. Bc1 Kc7
21. a3 Ra8 0-1

[Event "British Columbia-ch"]
[Site "North Vancouver CAN"]
[Date "2023.10.06"]
[Round "1.2"]
[White "Yang, Jingyun (Ryan)"]
[Black "Doknjas, John"]
[Result "1/2-1/2"]
[WhiteElo "2212"]
[BlackElo "2299"]
[PlyCount "32"]
[EventDate "2023.10.06"]
[EventType "tourn"]
[EventRounds "7"]
[EventCountry "CAN"]

1. e4 c5 2. Nf3 d6 3. d4 cxd4 4. Nxd4 Nf6 5. Nc3 a6 6. h3 e5 7. Nb3 Be6 8. f4
g6 9. Qf3 Nh5 10. f5 Qh4+ 11. Qf2 Qxf2+ 12. Kxf2 gxf5 13. exf5 Bxb3 14. axb3
Nf6 15. g4 h6 16. Bg2 Nc6 1/2-1/2

[Event "British Columbia-ch"]
[Site "North Vancouver CAN"]
[Date "2023.10.06"]
[Round "1.3"]
[White "Doknjas, Neil"]
[Black "Liu, Zachary"]
[Result "1-0"]
[WhiteElo "2300"]
[BlackElo "2186"]
[PlyCount "197"]
[EventDate "2023.10.06"]
[EventType "tourn"]
[EventRounds "7"]
[EventCountry "CAN"]

1. e4 c5 2. Nf3 d6 3. d4 cxd4 4. Nxd4 Nf6 5. Nc3 g6 6. Be3 Bg7 7. f3 Nc6 8. Qd2
O-O 9. g4 Be6 10. Nxe6 fxe6 11. O-O-O Ne5 12. Be2 Qc8 13. Rhe1 Nc4 14. Qd3 Nxe3
15. Qxe3 Nd7 16. f4 Qc5 17. Qxc5 Nxc5 18. e5 dxe5 19. fxe5 Bxe5 20. Bc4 Bd6 21.
b4 Na6 22. a3 Nc7 23. Ne4 Bf4+ 24. Kb2 Rad8 25. h3 Kg7 26. Rxd8 Rxd8 27. Nc5 b6
28. Nd3 Bd6 29. Bxe6 Nxe6 30. Rxe6 Rf8 31. Re3 Re8 32. c4 e5 33. c5 bxc5 34.
bxc5 Bc7 35. Kc3 Kf7 36. Kc4 Ke6 37. Nf4+ Kd7 38. Nd5 Kc6 39. Rf3 Bd8 40. Rf7
a5 41. Nc3 Be7 42. a4 Bxc5 43. Rf6+ Kb7 44. Kxc5 Rc8+ 45. Kd5 Rxc3 46. Rf7+ Rc7
47. Rxc7+ Kxc7 48. g5 Kb6 49. Kxe5 Kc5 50. Kf6 Kb4 51. Kg7 Kxa4 52. Kxh7 Kb4
53. Kxg6 a4 54. Kh7 a3 55. g6 a2 56. g7 a1=Q 57. g8=Q Qf6 58. Qb8+ Kc4 59. Qc7+
Kd5 60. Qb7+ Ke5 61. Qb5+ Ke6 62. Qe2+ Kf7 63. Qh5+ Kf8 64. Qc5+ Kf7 65. Qc4+
Ke7 66. Qc7+ Kf8 67. Qc8+ Ke7 68. Qb7+ Kf8 69. Qb4+ Kf7 70. Qg4 Kf8 71. Qg8+
Ke7 72. Qg7+ Ke6 73. Qg4+ Kf7 74. h4 Kf8 75. Qg8+ Ke7 76. Qg7+ Ke6 77. Qg4+ Ke7
78. Qg5 Ke6 79. Qe3+ Kf5 80. Qh3+ Kf4 81. Qf1+ Ke5 82. Qe2+ Kf4 83. Qf2+ Ke5
84. Qe3+ Kf5 85. Qf3+ Ke5 86. Qg3+ Kf5 87. h5 Qf7+ 88. Kh6 Ke6 89. Qb3+ Kf6 90.
Qb6+ Ke7 91. Qb7+ Ke6 92. Qc6+ Ke7 93. Qe4+ Kf6 94. Qd4+ Ke7 95. Qe5+ Kf8 96.
Qd6+ Kg8 97. Qg3+ Kf8 98. Qe5 Kg8 99. Qg5+ 1-0

[Event "British Columbia-ch"]
[Site "North Vancouver CAN"]
[Date "2023.10.07"]
[Round "2.2"]
[White "Liu, Zachary"]
[Black "Jiang, Kate"]
[Result "1/2-1/2"]
[WhiteElo "2186"]
[BlackElo "2111"]
[PlyCount "113"]
[EventDate "2023.10.06"]
[EventType "tourn"]
[EventRounds "7"]
[EventCountry "CAN"]

1. e4 e5 2. Nf3 Nc6 3. Nc3 Nf6 4. d4 exd4 5. Nxd4 Bb4 6. Nxc6 bxc6 7. Bd3 d5 8.
exd5 cxd5 9. O-O O-O 10. Bg5 c6 11. Qf3 Be7 12. h3 a5 13. Ne2 h6 14. Bf4 Bd6
15. c3 Bxf4 16. Qxf4 Qb6 17. b3 c5 18. Ng3 Re8 19. Rfe1 Bd7 20. Nf5 Bxf5 21.
Qxf5 Re6 22. Re2 Rxe2 23. Bxe2 a4 24. Rb1 axb3 25. axb3 g6 26. Qc2 Ra3 27. Qb2
Qa7 28. Qd2 Qb7 29. Qc2 Qa7 30. Qd2 Qb7 31. Bd1 Ne4 32. Qe3 Ra2 33. Bf3 Nd2 34.
Rd1 Nxf3+ 35. Qxf3 Qxb3 36. Rxd5 Ra1+ 37. Kh2 Qb8+ 38. g3 Qb1 39. Qg2 c4 40.
Re5 Kg7 41. h4 Qc1 42. Re3 h5 43. Qf3 Qg1+ 44. Kh3 Ra2 45. Qg2 Qxf2 46. Qxf2
Rxf2 47. Re4 Kf6 48. Rxc4 Ke6 49. Re4+ Kd5 50. Re3 Kc4 51. g4 hxg4+ 52. Kxg4
Rg2+ 53. Kf4 f5 54. Rg3 Rxg3 55. Kxg3 Kxc3 56. Kf4 Kd4 57. h5 1/2-1/2

[Event "British Columbia-ch"]
[Site "North Vancouver CAN"]
[Date "2023.10.07"]
[Round "2.3"]
[White "Doknjas, John"]
[Black "Doknjas, Neil"]
[Result "1/2-1/2"]
[WhiteElo "2299"]
[BlackElo "2300"]
[PlyCount "75"]
[EventDate "2023.10.06"]
[EventType "tourn"]
[EventRounds "7"]
[EventCountry "CAN"]

1. e4 c5 2. Nf3 e6 3. d4 cxd4 4. Nxd4 a6 5. c4 Nf6 6. Nc3 Bb4 7. Qd3 d6 8. Nc2
Bxc3+ 9. bxc3 Nbd7 10. Qxd6 Nxe4 11. Qd4 f5 12. Qxg7 Qf6 13. Qxf6 Nexf6 14. Be3
Kf7 15. f3 Ne5 16. Rb1 Rg8 17. Kf2 Nc6 18. Be2 e5 19. Bc5 Rd8 20. Rhd1 Rxd1 21.
Bxd1 Na5 22. Na3 Be6 23. Bd6 Nd7 24. Bc7 Nxc4 25. Nxc4 Bxc4 26. Rxb7 Nc5 27.
Rb8 Rxb8 28. Bxb8 Bxa2 29. Be2 Ke6 30. Ba7 Na4 31. Bxa6 Nxc3 32. Bc8+ Kf6 33.
f4 Be6 34. fxe5+ Kxe5 35. Bb8+ Kf6 36. Bxe6 Kxe6 37. Kg3 Kf6 38. Ba7 1/2-1/2

[Event "British Columbia-ch"]
[Site "North Vancouver CAN"]
[Date "2023.10.07"]
[Round "2.4"]
[White "MacKinnon, Keith"]
[Black "Yang, Jingyun (Ryan)"]
[Result "1-0"]
[WhiteElo "2325"]
[BlackElo "2212"]
[PlyCount "131"]
[EventDate "2023.10.06"]
[EventType "tourn"]
[EventRounds "7"]
[EventCountry "CAN"]

1. e4 c5 2. Nf3 e6 3. b3 b6 4. Bb2 Bb7 5. Nc3 Nc6 6. Qe2 Nd4 7. Nxd4 cxd4 8.
Nb1 Bc5 9. g3 Ne7 10. Bg2 Rc8 11. a3 a5 12. O-O O-O 13. b4 axb4 14. axb4 Bxb4
15. Bxd4 f5 16. Ra4 Bc5 17. Bb2 Bc6 18. Ra1 fxe4 19. Bxe4 Nf5 20. Bxc6 Rxc6 21.
c3 Qc7 22. Kg2 e5 23. d3 Rcf6 24. Nd2 Qc6+ 25. Ne4 Nd6 26. f3 Nxe4 27. dxe4 Qe6
28. Ba3 d6 29. Qa2 Qxa2+ 30. Rxa2 Ra8 31. Rfa1 Rff8 32. Bb4 Rxa2+ 33. Rxa2 Kf7
34. Ra7+ Kf6 35. Bxc5 bxc5 36. Rd7 Ke6 37. Rxg7 Rb8 38. Rxh7 Rb3 39. c4 Rc3 40.
h4 Rxc4 41. h5 Ra4 42. Kh3 Ra8 43. Rc7 Rf8 44. Kg4 Kf6 45. h6 Rg8+ 46. Kh4 Rg6
47. h7 Rh6+ 48. Kg4 c4 49. Rd7 Ke6 50. Kg5 Rh3 51. Rc7 Rxg3+ 52. Kh6 Rh3+ 53.
Kg7 Rg3+ 54. Kf8 Rxf3+ 55. Kg8 Rg3+ 56. Rg7 Rh3 57. Rg6+ Kd7 58. Kg7 Rh2 59.
h8=Q Rxh8 60. Kxh8 Kc6 61. Kg7 Kc5 62. Kf6 c3 63. Kf5 Kb5 64. Rg8 Kc4 65. Rc8+
Kd4 66. Rc6 1-0

[Event "British Columbia-ch"]
[Site "North Vancouver CAN"]
[Date "2023.10.07"]
[Round "3.1"]
[White "Yang, Jingyun (Ryan)"]
[Black "Qu, Leo"]
[Result "1-0"]
[WhiteElo "2212"]
[BlackElo "2230"]
[PlyCount "71"]
[EventDate "2023.10.06"]
[EventType "tourn"]
[EventRounds "7"]
[EventCountry "CAN"]

1. e4 c6 2. d4 d5 3. exd5 cxd5 4. Bd3 Nc6 5. c3 Nf6 6. Bf4 Bg4 7. Qb3 Qd7 8.
Nd2 e6 9. Ngf3 Bd6 10. Bxd6 Qxd6 11. O-O O-O 12. Rae1 Ne7 13. Ne5 Bf5 14. Be2
a6 15. h4 h6 16. h5 Rab8 17. f4 Ne4 18. Nxe4 Bxe4 19. Bd3 Bxd3 20. Nxd3 b5 21.
Qd1 a5 22. a3 Nc6 23. f5 exf5 24. Rxf5 b4 25. axb4 axb4 26. Qf3 Ne7 27. Rfe5
bxc3 28. bxc3 Rb7 29. Nb4 Rd8 30. Qe3 Rdd7 31. Qd3 g6 32. hxg6 Qxg6 33. Qe2 Kg7
34. Qf3 Qf6 35. Qxf6+ Kxf6 36. Rxe7 1-0

[Event "British Columbia-ch"]
[Site "North Vancouver CAN"]
[Date "2023.10.07"]
[Round "3.2"]
[White "Doknjas, Neil"]
[Black "MacKinnon, Keith"]
[Result "1-0"]
[WhiteElo "2300"]
[BlackElo "2325"]
[PlyCount "113"]
[EventDate "2023.10.06"]
[EventType "tourn"]
[EventRounds "7"]
[EventCountry "CAN"]

1. e4 c5 2. Nf3 d6 3. d4 cxd4 4. Nxd4 a6 5. Nc3 Qc7 6. Qf3 e6 7. Be3 b5 8. a3
Nd7 9. g4 Bb7 10. O-O-O Ngf6 11. g5 Ne5 12. Qg2 Nfd7 13. f4 Nc4 14. Bxc4 Qxc4
15. f5 Nc5 16. Nxe6 Nxe6 17. fxe6 Qxe6 18. Bd4 Be7 19. Nd5 O-O 20. Rhe1 Bxd5
21. exd5 Qd7 22. Re4 Rae8 23. Rde1 Bd8 24. h4 Ba5 25. R1e3 b4 26. axb4 Bxb4 27.
Qe2 Rxe4 28. Rxe4 Qf5 29. c3 Ba5 30. Re8 Bd8 31. Rxf8+ Kxf8 32. Qxa6 Qxd5 33.
Qc8 Qa5 34. Qc6 Be7 35. Qe4 Qa1+ 36. Kc2 Qa4+ 37. Kd2 Qa2 38. c4 f6 39. Bc3
fxg5 40. Bxg7+ Kf7 41. h5 Kxg7 42. Qxe7+ Kh6 43. Qxd6+ Kxh5 44. Kc3 Qa5+ 45. b4
Qa1+ 46. Kb3 Qb1+ 47. Ka4 g4 48. c5 Qe1 49. c6 g3 50. c7 Qa1+ 51. Kb5 Qf1+ 52.
Ka5 g2 53. Qh2+ Kg5 54. c8=Q Qa1+ 55. Kb6 g1=Q+ 56. Qxg1+ Qxg1+ 57. Qc5+ 1-0

[Event "British Columbia-ch"]
[Site "North Vancouver CAN"]
[Date "2023.10.07"]
[Round "3.3"]
[White "Jiang, Kate"]
[Black "Doknjas, John"]
[Result "0-1"]
[WhiteElo "2111"]
[BlackElo "2299"]
[PlyCount "100"]
[EventDate "2023.10.06"]
[EventType "tourn"]
[EventRounds "7"]
[EventCountry "CAN"]

1. e4 e5 2. Bc4 Nf6 3. d3 Nc6 4. a3 d5 5. exd5 Nxd5 6. h3 g6 7. Bd2 Bg7 8. Nc3
Nde7 9. Nf3 O-O 10. Ne4 h6 11. O-O Kh8 12. Re1 b6 13. Ng3 f6 14. b4 Nd5 15. Nf1
Bb7 16. Ne3 Nf4 17. Kh2 Nd4 18. Ng1 b5 19. Ba2 Qd7 20. g3 Nxh3 21. Qg4 Qxg4 22.
Nxg4 Nxg1 23. Kxg1 Nf3+ 24. Kf1 Nxd2+ 25. Ke2 Bf3+ 26. Kxd2 Bxg4 27. Bd5 Rad8
28. Bc6 Bd7 29. Bg2 f5 30. c3 Be6 31. Kc2 Bd5 32. Bf1 Bc6 33. Rac1 h5 34. Kb3
Bf3 35. Ra1 f4 36. a4 a6 37. axb5 axb5 38. Ra7 c6 39. Rea1 fxg3 40. fxg3 Bd5+
41. c4 bxc4+ 42. dxc4 Rf3+ 43. Ka4 Rxf1 44. Rxf1 Bxc4 45. Rf3 e4 46. Rf4 Bd4
47. Ra5 Re8 48. g4 Bb6 49. gxh5 Bxa5 50. bxa5 Bb5+ 0-1

[Event "British Columbia-ch"]
[Site "North Vancouver CAN"]
[Date "2023.10.08"]
[Round "4.1"]
[White "Qu, Leo"]
[Black "Liu, Zachary"]
[Result "1/2-1/2"]
[WhiteElo "2230"]
[BlackElo "2186"]
[PlyCount "170"]
[EventDate "2023.10.06"]
[EventType "tourn"]
[EventRounds "7"]
[EventCountry "CAN"]

1. d4 d5 2. Nc3 Nf6 3. Bf4 e6 4. Nb5 Na6 5. e3 Be7 6. Nf3 O-O 7. h4 c6 8. Nc3
Qb6 9. Rb1 c5 10. Be2 cxd4 11. exd4 Bd7 12. Ne5 Be8 13. h5 h6 14. Rh3 Nb4 15.
Kf1 Ne4 16. f3 Nd6 17. Qd2 Nf5 18. Rd1 Nc6 19. Nxc6 Bxc6 20. g4 Nd6 21. Rg3 Qd8
22. Kg2 b5 23. Bd3 b4 24. Ne2 Ne4 25. fxe4 dxe4 26. Bxe4 Bxe4+ 27. Kg1 Bh4 28.
Rh3 Be7 29. Rg3 f6 30. Qe3 Bd5 31. b3 Qd7 32. c4 bxc3 33. Nxc3 Bb7 34. Re1 Kf7
35. Qd3 Rfd8 36. d5 Bxd5 37. Bxh6 Bc5+ 38. Be3 Qd6 39. Kh2 Bxe3 40. Rexe3 Qf4
41. Nxd5 Rxd5 42. Qg6+ Kf8 43. Re2 Rad8 44. Qe4 Qxe4 45. Rxe4 e5 46. Rg2 Rd4
47. Ree2 Kf7 48. Rc2 R8d7 49. Kg3 Ke6 50. Rc5 Rd3+ 51. Kh2 e4 52. g5 R3d5 53.
Rc6+ Kf7 54. gxf6 Rxh5+ 55. Kg1 Rd1+ 56. Kf2 Rd2+ 57. Kg1 Rxg2+ 58. Kxg2 gxf6
59. Ra6 Kg6 60. Rxa7 Kg5 61. Kg3 Rh1 62. a4 Rg1+ 63. Kf2 Rb1 64. Ke3 f5 65.
Rg7+ Kf6 66. Rb7 Re1+ 67. Kf2 Rh1 68. a5 Ke5 69. a6 Ra1 70. a7 Ra2+ 71. Kg3 f4+
72. Kg4 f3 73. Kg3 Kd4 74. Rb4+ Ke3 75. Ra4 Rxa4 76. bxa4 f2 77. a8=Q f1=Q 78.
Qa7+ Kd2 79. Qa5+ Kd1 80. Qd5+ Qd3+ 81. Qxd3+ exd3 82. a5 d2 83. a6 Ke2 84. a7
d1=Q 85. a8=Q Qd3+ 1/2-1/2

[Event "British Columbia-ch"]
[Site "North Vancouver CAN"]
[Date "2023.10.08"]
[Round "4.3"]
[White "MacKinnon, Keith"]
[Black "Jiang, Kate"]
[Result "1-0"]
[WhiteElo "2325"]
[BlackElo "2111"]
[PlyCount "101"]
[EventDate "2023.10.06"]
[EventType "tourn"]
[EventRounds "7"]
[EventCountry "CAN"]

1. e4 e5 2. Nf3 Nc6 3. d4 exd4 4. Nxd4 Qf6 5. Be3 Bc5 6. Nb5 Bxe3 7. fxe3 Qd8
8. N1c3 a6 9. Nd4 Nf6 10. Be2 d6 11. O-O Ne5 12. Qe1 Be6 13. Qg3 Rg8 14. a4 Qe7
15. b4 Ng6 16. Rab1 Bd7 17. Nf5 Bxf5 18. exf5 Ne5 19. Qf4 Ned7 20. g4 Qe5 21.
Qd4 g6 22. Kh1 gxf5 23. Rxf5 Qxd4 24. exd4 h6 25. Rbf1 Rg6 26. h3 Ke7 27. Bd3
Rg5 28. R5f4 c6 29. Ne4 Nxe4 30. Rxf7+ Ke6 31. Bxe4 Rh8 32. h4 Rgg8 33. R7f4
Ke7 34. Re1 Kd8 35. Bf5 Rg7 36. Re6 Nb6 37. Rxd6+ Kc7 38. Rg6 Re7 39. Be6 Nd5
40. Rf7 Rxf7 41. Bxf7 Nxb4 42. Bb3 a5 43. Kg2 b5 44. Kg3 Rd8 45. Rxh6 Rxd4 46.
h5 Rd2 47. Rf6 Nxc2 48. h6 Ne1 49. h7 Rg2+ 50. Kh3 Rg1 51. Kh2 1-0